Lord of the Mysteries Organizations - Statistics

General Stats
  • This quiz has been taken 72 times
  • The average score is 9 of 22
Answer Stats
Hint Answer % Correct
Church of the Fool Tarot Club
98%
Church of the Evernight Goddess Nighthawks/Red Gloves
87%
True Creator Aurora Order
75%
Church of the God of Steam and Machinery Machinery Hivemind
60%
of the Fool pathway Secret Order
60%
Primordial Demoness Demoness Sect
55%
True Creator Rose Redemption
53%
Mother Tree of Desire Rose School of Thought
53%
Church of the Lord of Storms Mandated Punishers
52%
of the Wheel of Fortune and Moon Pathways Life School of Thought
48%
Death Numinous Episcopate
38%
The Original Creator Twilight Hermit Order
38%
Hidden Sage Moses Ascetic Order
37%
Adam (formerly) Psychology Alchemists
33%
of the Hermit Pathway Element Dawn
25%
Church of the Blazing Sun Inquisition
23%
Dark Side of the Universe Blood Sanctify Sect
18%
Primordial Demoness Theosophy Order
17%
The Seven Lights Great White Brotherhood
8%
Church of the Earth Mother Fertility Order
7%
Mother Tree of Desire Naturism Sect
5%
Black Emperor Shadow of Order
5%
No matching quizzes found
Score Distribution
Percent of People with Each Score
Percentile by Number Answered
Your Score History
You have not taken this quiz